000 00426nam a2200169Ia 4500
008 151213s9999 xx 000 0 und d
020 _a81- 203 - 2744 - 6
100 _aNaresh K. Malhotra
245 _aMarketing Research
_cNaresh K. Malhotra
250 _a9 th
260 _aIndia
_bPrentic Hall
_c2004
300 _a4077 p.
650 _aMarketing
650 _aMarketing
700 _aNaresh K. Malhotra
999 _c2558
_d2558